[Event "Cartagena zt 2.3 (Women)"]
[Site "Cartagena"]
[Date "2019.07.20"]
[Round "9"]
[White "Arosemena, Betty"]
[Black "Paula, Angie"]
[Result "0-1"]
[WhiteElo "1545"]
[BlackElo "1706"]
[PlyCount "82"]
[EventDate "2019.07.14"]
[EventType "swiss"]
[EventRounds "9"]
[EventCountry "COL"]
[SourceTitle "CBM 191 Extra"]
[Source "ChessBase"]
[SourceDate "2019.09.30"]
[SourceVersion "1"]
[SourceVersionDate "2019.09.30"]
[SourceQuality "1"]

1. e4 c6 2. d4 d5 3. Nc3 dxe4 4. Nxe4 Bf5 5. Ng3 Bg6 6. h4 h6 7. Nf3 Nd7 8. h5 Bh7 9. Bd3 Bxd3 10. Qxd3 e6 11. Bd2 Ngf6 12. 0-0-0 Be7 13. Ne4 Nxe4 14. Qxe4 Nf6 15. Qe2 Qd5 16. c4 Qe4 17. Qf1 0-0 18. Re1 Qh7 19. Qe2 Rfd8 20. g4 Nxg4 21. Reg1 Nf6 22. Be3 b5 23. Rxg7+ Kxg7 24. Rg1+ Kh8 25. Ne5 Rg8 26. Rd1 Rac8 27. c5 Nd5 28. Qf3 Rg7 29. Bd2 Bf6 30. Ng4 Bg5 31. Bxg5 Rxg5 32. Ne5 Rf5 33. Qg3 Rg8 34. Ng4 Rfg5 35. f3 Nb4 36. Qg2 Nd3+ 37. Kd2 Nxb2 38. Re1 Qd3+ 39. Kc1 Qc3+ 40. Qc2 Qxe1+ 41. Kxb2 Qb4+ 0-1

[Event "Cartagena zt 2.3 (Women)"]
[Site "Cartagena"]
[Date "2019.07.18"]
[Round "7"]
[White "Kaslan, Catherine"]
[Black "Paula, Angie"]
[Result "1-0"]
[WhiteElo "1846"]
[BlackElo "1706"]
[PlyCount "46"]
[EventDate "2019.07.14"]
[EventType "swiss"]
[EventRounds "9"]
[EventCountry "COL"]
[SourceTitle "CBM 191 Extra"]
[Source "ChessBase"]
[SourceDate "2019.09.30"]
[SourceVersion "1"]
[SourceVersionDate "2019.09.30"]
[SourceQuality "1"]

1. e4 c6 2. d4 d5 3. Nd2 dxe4 4. Nxe4 Bf5 5. Ng3 Bg6 6. h4 h6 7. Nf3 Nd7 8. Bd3 Bxd3 9. Qxd3 e6 10. Bd2 Ngf6 11. 0-0-0 Be7 12. Kb1 0-0 13. Ne4 Nxe4 14. Qxe4 Nf6 15. Qe2 Qb6 16. Ne5 c5 17. g4 Rfd8 18. g5 Nd5 19. gxh6 gxh6 20. Qh5 Rf8 21. Rdg1+ Bg5 22. hxg5 Ne7 23. Qxh6 Qd8 1-0

[Event "DOM-ch (Women)"]
[Site "Santo Domingo"]
[Date "2019.03.09"]
[Round "7"]
[White "Paula, Angie"]
[Black "Almanzar Vasquez, Jennifer Maria"]
[Result "1-0"]
[WhiteElo "1604"]
[BlackElo "1776"]
[PlyCount "104"]
[EventDate "2019.03.01"]
[EventType "swiss"]
[EventRounds "8"]
[EventCountry "DOM"]
[SourceTitle "CBM 189 Extra"]
[Source "ChessBase"]
[SourceDate "2019.06.03"]
[SourceVersion "1"]
[SourceVersionDate "2019.06.03"]
[SourceQuality "1"]

1. d4 Nf6 2. Nf3 e6 3. Bg5 d5 4. e3 h6 5. Bh4 Nbd7 6. Nbd2 c5 7. c3 Be7 8. Bd3 b6 9. h3 Bb7 10. 0-0 0-0 11. Qc2 Rc8 12. Rfe1 Re8 13. Bg3 c4 14. Bf1 b5 15. b4 cxb3 16. Qxb3 a6 17. a4 Ne4 18. Nxe4 dxe4 19. Nd2 Bd5 20. c4 bxc4 21. Bxc4 Nb6 22. Bxd5 exd5 23. Rec1 Rxc1+ 24. Rxc1 Bd6 25. Rc6 Bxg3 26. fxg3 Re6 27. Qc2 Qg5 28. Nf1 Nc4 29. Rxe6 fxe6 30. Qe2 Qe7 31. Qh5 Kf8 32. Qg4 Nb2 33. Qf4+ Qf7 34. Qb8+ Qe8 35. Qxb2 Qxa4 36. Qb8+ Kf7 37. Qc7+ Kf8 38. Qd6+ Kf7 39. g4 Qc4 40. Qa3 Qe2 41. Qc1 Qa2 42. Ng3 Qa5 43. Ne2 g5 44. Nc3 Qb4 45. Kf2 a5 46. Qc2 Qc4 47. Qb2 a4 48. Nb5 Kf6 49. Na3 Qc6 50. g3 Kf7 51. Qb5 Qc1 52. Qxa4 Ke7 1-0

[Event "DOM-ch (Women)"]
[Site "Santo Domingo"]
[Date "2019.03.02"]
[Round "3"]
[White "Martinez Jimenez, Manyeli"]
[Black "Paula, Angie"]
[Result "0-1"]
[WhiteElo "1578"]
[BlackElo "1604"]
[PlyCount "82"]
[EventDate "2019.03.01"]
[EventType "swiss"]
[EventRounds "8"]
[EventCountry "DOM"]
[SourceTitle "CBM 189 Extra"]
[Source "ChessBase"]
[SourceDate "2019.06.03"]
[SourceVersion "1"]
[SourceVersionDate "2019.06.03"]
[SourceQuality "1"]

1. d4 d5 2. c4 e6 3. e3 f5 4. Nc3 Nf6 5. Nf3 c6 6. Be2 Bd6 7. Ne5 Nbd7 8. f4 0-0 9. 0-0 Ne4 10. Nxe4 fxe4 11. Bd2 Nxe5 12. fxe5 Be7 13. Rxf8+ Qxf8 14. Qf1 Bd7 15. Qxf8+ Rxf8 16. Rf1 Rf5 17. b4 Rf8 18. c5 Rb8 19. g4 b6 20. Kg2 bxc5 21. dxc5 a5 22. a3 axb4 23. axb4 Ra8 24. Kg3 Ra2 25. Rd1 Bg5 26. Bf1 Ra3 27. h4 Bxe3 28. Bxe3 Rxe3+ 29. Kf2 Rf3+ 30. Kg2 Kf7 31. Be2 Rb3 32. Rd4 Kg6 33. Kh2 Rb2 34. Kg3 Rxe2 35. h5+ Kg5 36. Rd1 Re3+ 37. Kg2 Kxg4 38. Ra1 Rf3 39. Ra7 Rf7 40. Ra1 e3 41. Ra3 d4 0-1

[Event "Santo Domingo Duarte Memorial 8th"]
[Site "Santo Domingo"]
[Date "2019.01.18"]
[Round "1"]
[White "Del Rosario Moreno, Carlos"]
[Black "Paula, Angie"]
[Result "1-0"]
[WhiteElo "2123"]
[BlackElo "1627"]
[PlyCount "75"]
[EventDate "2019.01.18"]
[EventType "swiss"]
[EventRounds "8"]
[EventCountry "DOM"]
[SourceTitle "CBM 188 Extra"]
[Source "ChessBase"]
[SourceDate "2019.02.26"]
[SourceVersion "1"]
[SourceVersionDate "2019.02.26"]
[SourceQuality "1"]

1. e4 e6 2. d4 d5 3. e5 c5 4. c3 Nc6 5. Nf3 Qb6 6. Bd3 c4 7. Bc2 Nge7 8. 0-0 h6 9. b3 Na5 10. Nbd2 Bd7 11. Ba3 cxb3 12. axb3 Bb5 13. c4 dxc4 14. bxc4 Nxc4 15. Bc5 Qc6 16. Bd3 Nxd2 17. Bxb5 Nxf3+ 18. Qxf3 Qxb5 19. Rfb1 Qc6 20. Qg4 b6 21. Bd6 Nd5 22. Rc1 Qd7 23. Ba3 g5 24. Bb2 Bg7 25. h4 Qd8 26. Ra3 a5 27. Rf3 h5 28. Qe4 g4 29. Rb3 a4 30. Rd3 Qxh4 31. Ba3 Qg5 32. Rb1 Qf4 33. Qe2 Rc8 34. Rdd1 Qf5 35. Qb5+ Kd8 36. Rbc1 Nc7 37. Qxb6 Qe4 38. Qd6+ 1-0

[Event "Santo Domingo Provincial-ch"]
[Site "Santo Domingo"]
[Date "2018.12.02"]
[Round "7"]
[White "Paula, Angie"]
[Black "Rodriguez Mejia, Eddy Gabriel"]
[Result "0-1"]
[WhiteElo "1719"]
[BlackElo "1708"]
[PlyCount "90"]
[EventDate "2018.11.23"]
[EventType "swiss"]
[EventRounds "7"]
[EventCountry "DOM"]
[SourceTitle "CBM 187 Extra"]
[Source "ChessBase"]
[SourceDate "2018.11.04"]
[SourceVersion "1"]
[SourceVersionDate "2018.11.04"]
[SourceQuality "1"]

1. e4 c5 2. Nf3 d6 3. d4 cxd4 4. Nxd4 Nf6 5. Nc3 a6 6. Be2 e5 7. Nf3 Be6 8. 0-0 Nbd7 9. Ng5 Qc7 10. Nd5 Bxd5 11. exd5 h6 12. Nh3 b5 13. a4 Rb8 14. axb5 axb5 15. Be3 Be7 16. Ra7 Rb7 17. Ra8+ Rb8 18. Rxb8+ Qxb8 19. Qd3 b4 20. Ra1 0-0 21. Ra7 Bd8 22. Ra4 Qb7 23. Qb3 Qxd5 24. Rxb4 Nc5 25. Qc4 Ne6 26. Rb5 Qa8 27. Qd3 Be7 28. f3 Nh5 29. Qd2 Qa1+ 30. Qc1 Qxc1+ 31. Bxc1 Nd4 32. Bd3 Nxb5 33. Bxb5 d5 34. Kf1 Rb8 35. Bd3 Nf6 36. Nf2 Nd7 37. b3 Bg5 38. Bb2 Ra8 39. Ke2 Nc5 40. Bxe5 Re8 41. Kd1 Rxe5 42. b4 Na4 43. c4 dxc4 44. Bxc4 Nb2+ 45. Kc2 Nxc4 0-1

[Event "Santo Domingo Provincial-ch"]
[Site "Santo Domingo"]
[Date "2018.11.30"]
[Round "4"]
[White "Paula, Angie"]
[Black "Valdez Luna, Claudio"]
[Result "1-0"]
[WhiteElo "1719"]
[BlackElo "1596"]
[PlyCount "101"]
[EventDate "2018.11.23"]
[EventType "swiss"]
[EventRounds "7"]
[EventCountry "DOM"]
[SourceTitle "CBM 187 Extra"]
[Source "ChessBase"]
[SourceDate "2018.11.04"]
[SourceVersion "1"]
[SourceVersionDate "2018.11.04"]
[SourceQuality "1"]

1. e4 c5 2. Nf3 Nc6 3. d4 cxd4 4. Nxd4 d6 5. c4 Nf6 6. Nc3 g6 7. Be2 Bg7 8. Be3 0-0 9. 0-0 a6 10. h3 Bd7 11. Qd2 Rc8 12. Rac1 Na5 13. b3 Nc6 14. a3 Qa5 15. Nc2 Ne5 16. f4 Nc6 17. b4 Qd8 18. Nd4 Na7 19. f5 b5 20. cxb5 axb5 21. Bd3 Rb8 22. Qe2 Qe8 23. Nf3 Nc8 24. e5 dxe5 25. Nxe5 Nd6 26. fxg6 fxg6 27. Bc5 Nb7 28. Nxd7 Qxd7 29. Bxb5 Qd8 30. Qxe7 Nxc5 31. Qxc5 Qb6 32. Qxb6 Rxb6 33. a4 Nh5 34. Rxf8+ Kxf8 35. Nd5 Rb8 36. g4 Ng3 37. Kg2 Ne4 38. Rf1+ Kg8 39. Ne7+ Kh8 40. Nc6 Rb6 41. Re1 Nd6 42. Re6 Bf8 43. Nd4 Nxb5 44. Rxb6 Nxd4 45. a5 Nc2 46. a6 Ne3+ 47. Kf3 Nc4 48. Rb8 Ne5+ 49. Ke4 Nd7 50. Rxf8+ Nxf8 51. a7 1-0

[Event "Santo Domingo Provincial-ch"]
[Site "Santo Domingo"]
[Date "2018.11.24"]
[Round "3"]
[White "Paula, Angie"]
[Black "Guzman Cabrera, Jose Francisco"]
[Result "1-0"]
[WhiteElo "1719"]
[BlackElo "1616"]
[PlyCount "49"]
[EventDate "2018.11.23"]
[EventType "swiss"]
[EventRounds "7"]
[EventCountry "DOM"]
[SourceTitle "CBM 187 Extra"]
[Source "ChessBase"]
[SourceDate "2018.11.04"]
[SourceVersion "1"]
[SourceVersionDate "2018.11.04"]
[SourceQuality "1"]

1. e4 c5 2. Nf3 Nc6 3. d4 cxd4 4. Nxd4 d6 5. c4 Nf6 6. Nc3 a6 7. Be2 Bd7 8. 0-0 Qb6 9. Nb3 g6 10. Nd5 Nxd5 11. cxd5 Na7 12. Be3 Qb4 13. Bd4 f6 14. Rc1 Rc8 15. Bxa7 Qxe4 16. Bf3 Qh4 17. Rxc8+ Bxc8 18. Qc2 Bg4 19. Bxg4 Qxg4 20. h3 Qd7 21. Nd4 Kf7 22. Ne6 Bh6 23. Qe2 b5 24. Be3 g5 25. Qh5+ 1-0